[Event "Dubna op"]
[Site "Dubna"]
[Date "2007.08.12"]
[Round "14"]
[White "Chugunov, Sergei A"]
[Black "Barlakov, Arsalan"]
[Result "0-1"]
[WhiteElo "2315"]
[BlackElo "2253"]
[PlyCount "102"]
[EventDate "2007.08.02"]
[EventType "swiss"]
[EventRounds "14"]
[EventCountry "RUS"]
[SourceTitle "EXT 2008"]
[Source "ChessBase"]
[SourceDate "2007.11.25"]
[SourceVersion "1"]
[SourceVersionDate "2007.11.25"]
[SourceQuality "1"]

1. Nf3 Nf6 2. c4 e6 3. g3 d5 4. Bg2 Be7 5. Qc2 a6 6. b3 0-0 7. 0-0 Nc6 8. a3 a5 9. Bb2 d4 10. d3 e5 11. Nbd2 Bg4 12. Rfe1 h6 13. e3 Bc5 14. e4 Qd6 15. Bc1 Nd7 16. Nh4 Rae8 17. f3 Be6 18. Nf5 Bxf5 19. exf5 Nf6 20. Ra2 Qd7 21. g4 Qd6 22. Qd1 g6 23. Nf1 Kh7 24. Qd2 Ng8 25. Ng3 g5 26. h4 f6 27. Ne4 Qe7 28. Kf2 b6 29. Rh1 Kg7 30. Qe1 gxh4 31. Kf1 Kf7 32. Qxh4 Qd8 33. Bxh6 Nxh6 34. Qxh6 Ke7 35. f4 Kd7 36. Ng5 Kc8 37. Ne6 Qd6 38. Nxf8 Rxf8 39. b4 axb4 40. axb4 Bxb4 41. Ra8+ Nb8 42. Qg7 e4 43. Rh8 Qxf4+ 44. Kg1 Qe3+ 45. Kh1 Qc1+ 46. Kh2 Bd6+ 47. Kh3 Qe3+ 48. Kh4 Qg3+ 49. Kh5 Qh2+ 50. Kg6 Rxh8 51. Bxe4 Bf8 0-1

[Event "Dubna op"]
[Site "Dubna"]
[Date "2007.08.09"]
[Round "10"]
[White "Chugunov, Sergei A"]
[Black "Zasypkin, Alexey"]
[Result "1-0"]
[WhiteElo "2315"]
[BlackElo "2103"]
[PlyCount "89"]
[EventDate "2007.08.02"]
[EventType "swiss"]
[EventRounds "14"]
[EventCountry "RUS"]
[SourceTitle "EXT 2008"]
[Source "ChessBase"]
[SourceDate "2007.11.25"]
[SourceVersion "1"]
[SourceVersionDate "2007.11.25"]
[SourceQuality "1"]

1. e4 d5 2. exd5 Nf6 3. d4 Nxd5 4. Nf3 g6 5. c4 Nb6 6. c5 Nd5 7. Bc4 c6 8. Nc3 Bg7 9. Qb3 0-0 10. 0-0 Nxc3 11. bxc3 e6 12. Bg5 Qc7 13. Rab1 Nd7 14. Be7 Re8 15. Bd6 Qd8 16. Ne5 Nf6 17. Rfe1 Nd5 18. Be2 f6 19. Nc4 b6 20. cxb6 axb6 21. Bg3 Re7 22. Nd6 Rea7 23. Nxc8 Qxc8 24. Bc4 Ra3 25. Bxd5 Rxb3 26. Bxb3 Kh8 27. Rxe6 f5 28. Bf4 Qd7 29. Rbe1 c5 30. Re7 Qb5 31. c4 Qb4 32. d5 Bf6 33. R7e6 Kg7 34. R1e2 b5 35. Bd2 Bc3 36. Re7+ Kf8 37. Bh6+ Kg8 38. Rb7 Bf6 39. Rxb5 Qc3 40. g3 g5 41. Re6 Qc1+ 42. Kg2 Bd4 43. Re2 Ra6 44. Rb7 Kh8 45. Re8# 1-0

[Event "Moscow-ch Region"]
[Site "Serpukhov"]
[Date "2002.??.??"]
[Round "2"]
[White "Denisov, Sergey"]
[Black "Chugunov, Sergei A"]
[Result "1/2-1/2"]
[WhiteElo "2037"]
[BlackElo "2172"]
[PlyCount "61"]
[EventDate "2002.??.??"]
[EventType "swiss"]
[EventRounds "9"]
[EventCountry "RUS"]
[SourceTitle "EXT 2003"]
[Source "ChessBase"]
[SourceDate "2002.11.25"]
[SourceVersion "1"]
[SourceVersionDate "2002.11.25"]
[SourceQuality "1"]

1. e4 Nf6 2. e5 Nd5 3. Nc3 Nxc3 4. dxc3 d6 5. Bf4 Nc6 6. Bb5 Bd7 7. Qe2 a6 8. Bc4 dxe5 9. Bxe5 Nxe5 10. Qxe5 e6 11. 0-0-0 Rc8 12. Qe4 Qf6 13. Nf3 Bc6 14. Bd5 Bxd5 15. Rxd5 Bd6 16. Qe2 0-0 17. Rd3 Rfd8 18. g3 Bc5 19. Rhd1 Bb6 20. R1d2 Rxd3 21. cxd3 Rd8 22. Ne5 c6 23. f4 Bc7 24. d4 g6 25. Qd1 Qf5 26. Nd3 h5 27. Nc5 Rb8 28. Nd3 Rd8 29. Nc5 Rb8 30. Nd7 Rd8 31. Nc5 1/2-1/2

[Event "Moscow-ch Region"]
[Site "Serpukhov"]
[Date "2002.??.??"]
[Round "8"]
[White "Prokhorov, Sergey An"]
[Black "Chugunov, Sergei A"]
[Result "0-1"]
[WhiteElo "2310"]
[BlackElo "2172"]
[PlyCount "122"]
[EventDate "2002.??.??"]
[EventType "swiss"]
[EventRounds "9"]
[EventCountry "RUS"]
[SourceTitle "EXT 2003"]
[Source "ChessBase"]
[SourceDate "2002.11.25"]
[SourceVersion "1"]
[SourceVersionDate "2002.11.25"]
[SourceQuality "1"]

1. d4 Nf6 2. c4 g6 3. Nc3 Bg7 4. e4 d6 5. f3 Nc6 6. Be3 a6 7. Nge2 Rb8 8. Qd2 b5 9. cxb5 axb5 10. d5 Ne5 11. Nd4 b4 12. Ncb5 Bd7 13. Qxb4 0-0 14. Qd2 e6 15. dxe6 fxe6 16. a4 Nxe4 17. fxe4 Qh4+ 18. Kd1 Qxe4 19. Nc3 Qb7 20. h3 d5 21. Ndb5 c6 22. Na3 Qb4 23. Be2 c5 24. Ncb5 Qxa4+ 25. Qc2 Qxc2+ 26. Kxc2 d4 27. Nxd4 cxd4 28. Bxd4 Ba4+ 29. Kd2 Rfd8 30. Ke3 Rb3+ 31. Bc3 Bc6 32. Rhd1 Rf8 33. g3 Bd5 34. Rf1 Bh6+ 35. Kd4 Nc6+ 36. Kc5 Rf5 37. Rxf5 gxf5 38. Nc4 Bf8+ 39. Nd6 Nd8 40. Bc4 Rxc3 41. bxc3 Bxc4 42. Kxc4 Bxd6 43. Ra8 Be7 44. Kb5 Kf7 45. c4 Nb7 46. Ra7 Nd6+ 47. Kc6 Nxc4 48. Ra4 Ne5+ 49. Kc7 h5 50. Ra5 Bd6+ 51. Kc8 Nc4 52. Ra7+ Kf6 53. Kd7 Bxg3 54. Ra6 Ne5+ 55. Kd6 f4 56. Ra8 f3 57. Rf8+ Nf7+ 58. Kd7 f2 59. Ke8 e5 60. Rxf7+ Kg5 61. Kd7 e4 0-1